Java : (Record no. 37920)
[ view plain ]
| 000 -LEADER | |
|---|---|
| fixed length control field | 00853nam a22002657a 4500 |
| 005 - DATE AND TIME OF LATEST TRANSACTION | |
| control field | 20100727120948.0 |
| 010 ## - LCCN (DPL NO) | |
| LC control number | ENG-96945 |
| 020 ## - INTERNATIONAL STANDARD BOOK NUMBER | |
| International Standard Book Number | 0070598789 |
| Terms of availability | 425.00 |
| 020 ## - INTERNATIONAL STANDARD BOOK NUMBER | |
| International Standard Book Number | 9780070598782 |
| Terms of availability | 425.00 |
| 035 ## - SYSTEM CONTROL NUMBER | |
| System control number | EN-80478 |
| 037 ## - SOURCE OF ACQUISITION | |
| Source of stock number/acquisition | DBAD/PUB |
| 082 ## - DEWEY DECIMAL CLASSIFICATION NUMBER | |
| Classification number | 005.71262 |
| 100 ## - MAIN ENTRY--PERSONAL NAME | |
| Personal name | Schildt, Herbert |
| 245 ## - TITLE STATEMENT | |
| Title | Java : |
| Statement of responsibility, etc | by Herbert Schildt |
| Remainder of title | the complete reference, J2SE / |
| 250 ## - EDITION STATEMENT | |
| Edition statement | 5th ed |
| 260 ## - PUBLICATION, DISTRIBUTION, ETC. (IMPRINT) | |
| Place of publication, distribution, etc | New Delhi |
| Name of publisher, distributor, etc | Tata McGraw-Hill Publishing Co. |
| Date of publication, distribution, etc | 2005 |
| 270 ## - ADDRESS | |
| Address | 7 West Patel Nager, |
| City | New Delhi |
| Postal code | 110008 |
| 300 ## - PHYSICAL DESCRIPTION | |
| Extent | xxx, 1000 p. |
| Dimensions | 24cm (Pbk) |
| 500 ## - GENERAL NOTE | |
| General note | Includes index |
| 700 ## - ADDED ENTRY--PERSONAL NAME | |
| 9 (RLIN) | 1706 |
| 700 ## - ADDED ENTRY--PERSONAL NAME | |
| 9 (RLIN) | 1707 |
| 700 ## - ADDED ENTRY--PERSONAL NAME | |
| 9 (RLIN) | 1708 |
| 942 ## - ADDED ENTRY ELEMENTS (KOHA) | |
| Source of classification or shelving scheme | Dewey Decimal Classification |
| Item type | English Books |
| Classification part | 005.71262 |
| Call number suffix | SCH |
| Withdrawn status | Lost status | Not for loan | Collection code | Home library | Current library | Date acquired | Cost, normal purchase price | Full call number | Barcode | Copy number | Cost, replacement price | Koha item type |
|---|---|---|---|---|---|---|---|---|---|---|---|---|
| Not For Loan | Non-fiction | D.B.Act.Division | D.B.Act.Division | 27/07/2010 | 425.00 | 005.71262 SCH | EN-80478 | 1 | 425.00 | English Books |
